00846cam a22001931 4500082001000000100003100010245013200041260004400173300001900217490005700236500004700293526003700340526003700377650002100414942001200435999001900447952009300466952009300559 a330.11 aBallvé, Faustino.93799710aEssentials of economics:ba brief survey of principles and policies.cTranslated from the Spanish and edited by Arthur Goddard. aPrinceton, N.J.,bVan Nostrand,c[1963] a109 p.c24 cm.0 aThe William Volker Fund series in the humane studies aTranslation of Diez lecciones de economia. a0b0c0d330_000000000000000_AKH a0b0c0d330_000000000000000_AKH 0aEconomics.91437 2ddccBK c542706d542706 00102ddc4070aMCEbMCEd2014-02-11l0o330 AKHpMCE-29874r2014-02-11w2014-02-11yBK 00102ddc4070aMCEbMCEd2014-02-11l0o330.AKHpMCE-29875r2014-02-11w2021-03-14yBK